000 00673nam a2200217 a 4500
001 000021431
005 20200930011327.0
008 100907s1988 cu 000 0 spa d
040 _aDO-SdBNP
_bspa
_cBNPHU
082 _aCu863.44
_bS193h
100 1 _aSamsel, Roman.
_944723
245 1 0 _aHuellas de hombre, huellas de serpiente /
_cRoman Samsel.
260 _aLa Habana :
_bArte y Literatura,
_c1988.
300 _a307 p. ;
_c18 cm.
490 1 _aBolsilibros
500 _aIncluye notas al pie de las páginas y referencias bibliográficas.
650 4 _aCuentos cubanos
_91482
650 4 _aLiteratura cubana
_91483
830 0 _aBolsilibros
_923397
049 _aBNGR
999 _c20931
_d20931